Logo BPK

Biblioteka

Politechniki Koszalińskiej

The Riverside Shakespeare / (Rekord nr 47661)

Szczegóły MARC
000 -ETYKIETA REKORDU
podpole kontrolne o stałej długości 00629nam a2200205 i 4500
001 - NUMER KONTROLNY REKORDU
pole kontrolne bgj
020 ## - MIĘDZYNARODOWY ZNORMALIZOWANY NUMER KSIĄŻKI - ISBN
ISBN 0395044022
040 ## - ŹRÓDŁO KATALOGOWANIA
Instytucja, która utworzyła rekord BPK
041 0# - KOD JĘZYKA
Kod języka tekstu eng
920 ## - Międzynarodowy znormalizowany numer książki – ISBN
ISBN 0-395-04402-2
008 - POLE O STAŁEJ DŁUGOŚCI - DANE KONTROLNE
podpole kontrolne o stałej długości s uk f |000 0 eng
100 1# - NAZWA OSOBOWA
Nazwa osobowa SHAKESPEARE, William
Daty związane z nazwą (1564-1616)
245 10 - TYTUŁ/ODPOWIEDZIALNOŚĆ
Tytuł The Riverside Shakespeare /
Pozostałe elementy strefy tytułu i oznaczenia odpowiedzialności G. Blakemore Evans, textual editor.
260 ## - STREFA ADRESU WYDAWNICZEGO
Miejsce wydania Boston :
Nazwa wydawcy/dystrybutora Houghton Mifflin Company,
Data publikacji, dystrybucji/powstania dokumentu c. 1974.
300 ## - STREFA OPISU FIZYCZNEGO
Objętość XVI, 1927, [31 plates], pp :
Inne cechy fizyczne ill. ;
Rozmiary 26 cm.
504 ## - UWAGA DOTYCZĄCA BIBLIOGRAFII
Informacje o bibliografii Bibliography p. 1895-1905.
505 ## - SFORMALIZOWANA UWAGA DOTYCZĄCA ZAWARTOŚCI
Pełny tekst uwagi Includes indexes.
700 1# - HASŁO DODATKOWE - NAZWA OSOBOWA
Nazwa osobowa EVANS, [Gwynne] Blakemore
Daty związane z nazwą (1912- ).
Określenie związku między hasłem a opisywanym materiałem ed.
856 ## - LOKALIZACJA I DOSTĘP DO ELEKTRONICZNYCH DOKUMENTÓW ZDALNYCH
Link (URL) http://koha.tu.koszalin.pl/cgi-bin/koha/opac-detail.pl?biblionumber=47661
Tekst linku Katalog online BPK
942 ## - DODATKOWE ELEMENTY (KOHA)
Typ dokumentu Książka
Egzemplarze
Wycofany Status egzemplarza Uszkodzony Dostępność Lokalizacja stała Lokalizacja bieżąca Miejsce przechowywania Sygnatura Kod kreskowy Typ dokumentu
      Tylko na miejscu Biblioteka Politechniki Koszalińskiej Biblioteka Politechniki Koszalińskiej Czytelnia Wydziałowa ul. Kwiatkowskiego 6e KA 4119 09023192 Książka
© 2023 Biblioteka Politechniki Koszalińskiej :: KOHA